Geology and ground-water resources of Morton County, Kansas / (Record no. 27805)
[ view plain ]
| 000 -LEADER | |
|---|---|
| fixed length control field | 02083cam a22003491 4500 |
| 001 - CONTROL NUMBER | |
| control field | gs 42000198 |
| 003 - CONTROL NUMBER IDENTIFIER | |
| control field | DLC |
| 005 - DATE AND TIME OF LATEST TRANSACTION | |
| control field | 20260227111347.0 |
| 008 - FIXED-LENGTH DATA ELEMENTS--GENERAL INFORMATION | |
| fixed length control field | 810911s1942 ksuab b s001 0 eng c |
| 010 ## - LIBRARY OF CONGRESS CONTROL NUMBER | |
| LC control number | gs 42000198 |
| 035 ## - SYSTEM CONTROL NUMBER | |
| System control number | (OCoLC)7753044 |
| 040 ## - CATALOGING SOURCE | |
| Original cataloging agency | U.S. Geol. Survey. Libr. |
| Transcribing agency | GStG |
| Modifying agency | WaChenE |
| -- | OCoLC |
| -- | DLC |
| 042 ## - AUTHENTICATION CODE | |
| Authentication code | premarc |
| 043 ## - GEOGRAPHIC AREA CODE | |
| Geographic area code | n-us-ks |
| 050 00 - LIBRARY OF CONGRESS CALL NUMBER | |
| Classification number | QE113 |
| Item number | .A2 no. 40 |
| 082 ## - DEWEY DECIMAL CLASSIFICATION NUMBER | |
| Classification number | 551.4909781715 |
| 100 1# - MAIN ENTRY--PERSONAL NAME | |
| Personal name | McLaughlin, Thad G. |
| Fuller form of name | (Thad Gerald), |
| Dates associated with a name | 1913- |
| 245 10 - TITLE STATEMENT | |
| Title | Geology and ground-water resources of Morton County, Kansas / |
| Statement of responsibility, etc. | by Thad G. McLaughlin ; with analyses by Robert H. Hess ... |
| 260 ## - PUBLICATION, DISTRIBUTION, ETC. | |
| Place of publication, distribution, etc. | Topeka : |
| Name of publisher, distributor, etc. | Kansas State Printing Plant, |
| Date of publication, distribution, etc. | 1942. |
| 300 ## - PHYSICAL DESCRIPTION | |
| Extent | 126 p. : |
| Other physical details | incl. illus., tables, diagrs., 2 fold. maps (in pocket) fold. profile ; |
| Dimensions | 23 cm. |
| 490 1# - SERIES STATEMENT | |
| Series statement | Kansas. State Geological Survey. Bulletin |
| Volume/sequential designation | 40 |
| 500 ## - GENERAL NOTE | |
| General note | University of Kansas Publications. |
| 500 ## - GENERAL NOTE | |
| General note | At head of title: State Geological Survey of Kansas. Division of Ground Water. |
| 500 ## - GENERAL NOTE | |
| General note | "Prepared by the United States Geological Survey and the State Geological Survey of Kansas with the cooperation of the Division of Sanitation of the Kansas State Board of Health, and the Division of Water Resources of the Kansas State Board of Agriculture." |
| 501 ## - WITH NOTE | |
| With note | With : Ground-water supplies in Kansas available for national defense industries / by S.W. Lohman, J.C. Frye, H.A. Waite, V.C. Fishel, T.G. McLaughlin, B.F. Latta and G.E. Abernathy, 1942 -- Pleistocene mammals from Kansas / by Claude W. Hibbard ; A new species of cyprinidontid fish from the middle Pliocene of Kansas, by Claude W. Hibbard and David H. Dunkle, 1942 -- Kansas bentonite : its properties and utilization / by E.D. Kinney, 1942. Bound together subsequent to publication. |
| Institution to which field applies | DLC |
| 504 ## - BIBLIOGRAPHY, ETC. NOTE | |
| Bibliography, etc. note | "References": p. 90-91. |
| 650 #0 - SUBJECT ADDED ENTRY--TOPICAL TERM | |
| Topical term or geographic name entry element | Geology |
| Geographic subdivision | Kansas |
| -- | Morton County. |
| 650 #0 - SUBJECT ADDED ENTRY--TOPICAL TERM | |
| Topical term or geographic name entry element | Groundwater |
| Geographic subdivision | Kansas |
| -- | Morton County. |
| 650 #0 - SUBJECT ADDED ENTRY--TOPICAL TERM | |
| Topical term or geographic name entry element | Water-supply |
| Geographic subdivision | Kansas |
| -- | Morton County. |
| 830 #0 - SERIES ADDED ENTRY--UNIFORM TITLE | |
| Uniform title | Bulletin (Kansas Geological Survey) ; |
| Volume/sequential designation | no. 40. |
| 830 #0 - SERIES ADDED ENTRY--UNIFORM TITLE | |
| Uniform title | University of Kansas Publications. |
No items available.